IFM Opac

Marketing (Record no. 22127)

MARC details
000 -LEADER
fixed length control field 00333nam a22001457a 4500
020 ## - INTERNATIONAL STANDARD BOOK NUMBER
ISBN 978-0-357-03379-1
082 ## - DEWEY DECIMAL CLASSIFICATION NUMBER
Classification number 658.8
100 ## - MAIN ENTRY--AUTHOR NAME
Personal name Pride, William M.
245 ## - TITLE STATEMENT
Title Marketing
250 ## - EDITION STATEMENT
Edition statement 20th
260 ## - PUBLICATION, DISTRIBUTION, ETC. (IMPRINT)
Place of publication Boston:
Name of publisher Cengage Learning,
Year of publication 2020.
300 ## - PHYSICAL DESCRIPTION
Number of Pages xxvii, 692p.: ill.; 28cm
700 ## - ADDED ENTRY--PERSONAL NAME
Personal name Ferrell, O. C.
942 ## - ADDED ENTRY ELEMENTS (KOHA)
Koha item type Books
Holdings
Withdrawn status Lost status Damaged status Not for loan Collection code Permanent Location Current Location Shelving location Date acquired Source of acquisition Full call number Accession Number Price effective from Koha item type
        Non-fiction IFM Main Campus Library IFM Main Campus Library Work Room processing 01/08/2026 Purchased 658.8 PRI 0000030274 01/08/2026 Books
        Non-fiction IFM Main Campus Library IFM Main Campus Library Work Room processing 01/08/2026 Purchased 658.8 PRI 0000030275 01/08/2026 Books
        Non-fiction IFM Main Campus Library IFM Main Campus Library Work Room processing 01/08/2026 Purchased 658.8 PRI 0000030273 01/08/2026 Books